000 00356 a2200169 4500
001 184572
020 _a
040 _cMagnum
100 _aMonteiro, Graziella Lydia
240 1 0 _aO diário de Abner
_lpor
245 1 0 _aO diário de Abner
300 _a45
362 0 _a1987
440 1 _aFTD
697 _aLITERATURA INFANTO-JUVENIL
942 _cBK
999 _c184572
_d184572